Statistics for Countries With The Most Access To Food

Click here to take the quiz!

General Stats

  • This quiz has been taken 88 times
  • The average score is 7 of 10

Answer Stats

Food Security Index PointsCountry% Correct
85United States Of America
97%
83.2Canada
94%
85United Kingdom
86%
82.9France
84%
83.7Australia
83%
84.7Netherlands
66%
83.5Switzerland
66%
85.5Ireland
64%
85.9Singapore
56%
83.3Finland
50%

Score Distribution

Percentile by Number Answered

Percent of People with Each Score

Your Score History

You have not taken this quiz